000
00380nam a2200133Ia 4500
008
100328s9999 xx 000 0 und d
082
_b
57761
100
_a
गोगटे मंदाकिनी
245
_a
ढलता दिवस
260
_b
प्राजक्ता
630
_a
ढलता दिवस
730
_a
ढलता दिवस
942
_c
BOOK
999
_c
544184
_d
544181